Democratizing governance / (Record no. 292113)
[ view plain ]
| 000 -LEADER | |
|---|---|
| fixed length control field | 00902nam a2200277Ia 4500 |
| 008 - FIXED-LENGTH DATA ELEMENTS--GENERAL INFORMATION | |
| fixed length control field | 160319s9999 xx 000 0 und d |
| 020 ## - INTERNATIONAL STANDARD BOOK NUMBER | |
| International Standard Book Number | 9789710426072 |
| 050 ## - LIBRARY OF CONGRESS CALL NUMBER | |
| Classification number | 321.8 |
| 050 ## - LIBRARY OF CONGRESS CALL NUMBER | |
| Item number | R696a 2009 |
| 100 ## - MAIN ENTRY--PERSONAL NAME | |
| Personal name | Rodriguez, Agustin Martin |
| 245 ## - TITLE STATEMENT | |
| Title | Democratizing governance / |
| 245 ## - TITLE STATEMENT | |
| Statement of responsibility, etc | Agustin Martin G. Rodriquez, Teresita Asuncion M. Lacandula-Rodriguez, editor. |
| 260 ## - PUBLICATION, DISTRIBUTION, ETC. (IMPRINT) | |
| Place of publication, distribution, etc | Quezon City : |
| 260 ## - PUBLICATION, DISTRIBUTION, ETC. (IMPRINT) | |
| Name of publisher, distributor, etc | Ateneo de Manila University Press |
| 260 ## - PUBLICATION, DISTRIBUTION, ETC. (IMPRINT) | |
| Date of publication, distribution, etc | 2009 |
| 300 ## - PHYSICAL DESCRIPTION | |
| Extent | xx, 157 pages ; |
| 300 ## - PHYSICAL DESCRIPTION | |
| Dimensions | 23 cm. |
| 440 ## - SERIES STATEMENT/ADDED ENTRY--TITLE | |
| Title | Agenda for hope : ideas on building a nation ; [v. 1] |
| 500 ## - GENERAL NOTE | |
| General note | Numbered arbitrarily. |
| 650 ## - SUBJECT ADDED ENTRY--TOPICAL TERM | |
| Topical term or geographic name as entry element | Democratization -- Philippines. |
| 650 ## - SUBJECT ADDED ENTRY--TOPICAL TERM | |
| Topical term or geographic name as entry element | Philippines -- |
| 650 ## - SUBJECT ADDED ENTRY--TOPICAL TERM | |
| Topical term or geographic name as entry element | Political participation -- Philippines. |
| 650 ## - SUBJECT ADDED ENTRY--TOPICAL TERM | |
| General subdivision | Politics and government. |
| 700 ## - ADDED ENTRY--PERSONAL NAME | |
| Personal name | Lacandula-Rodriguez, author |
| 700 ## - ADDED ENTRY--PERSONAL NAME | |
| Personal name | Teresita Asuncion M., author |
| Withdrawn status | Lost status | Damaged status | Home library | Current library | Shelving location | Date acquired | Total Checkouts | Full call number | Barcode | Date last seen | Price effective from | Koha item type |
|---|---|---|---|---|---|---|---|---|---|---|---|---|
| Stonyhurst Southville International School (Batangas) | Stonyhurst Southville International School (Batangas) | Filipiniana Section | 03/19/2016 | Fil 321.8 R696a 2009 | US 1571 | 03/19/2016 | 03/19/2016 | Books |